01124nam a22002537a 45000010005000000030006000050050017000110080041000280200018000690400029000870820008001161000016001242450094001402500034002342600039002683000048003075050008003555200367003635210023007305210020007536500025007736500026007987000046008245502FISKH20250116165406.0241213b cb ||||| |||| 00| 0 eng d a9780545203265 aFISKHbengcFISKHdFISKH a580 aRice, Barry aMonster plants : bmeat eaters, real stinkers, and other leafy oddities /cby Barry Rice  aFirst printing, February 2010 aNew York : bScholastic ;c2010 .  a32 pages :bcolor illustrations ;c26 cm .  aY  aThese monsters do not have legs or brains, but they know how to snatch creepy crawlies and smash them up for dinner. They can latch on to other organisms and suck the lives out of them. They can even stink like rotting flesh. Turn the pages of this book if you dare to discover the science behind some of the strangest and deadliest plants on earth - back cover.8 a880 bLexile IG 8 aY bRaz-Plus  asciencevNon-fiction achildrenvNon-fiction aWindau, Jennifer Rinaldi eBook designer